00882cam a2200265 a 4500001000400000003001000004005001700014008004100031020001800072040002500090080001600115090001700131100002800148245012200176260003800298300002000336504002500356650002500381650003100406650001800437650001500455942001200470952012100482999001300603267BR-CuiBMT20231028192635.0230914s2010 mgb 000 0 por d a9788577003693 aBR-CuiBMTcBR-CuiBMT a34:5722007 a34:57bB277a1 aBarros, Eliane Oliveira10aAspectos jurídicos da inseminação artificial heteróloga /cEliane Oliveira Barros ; prefácio Sergio Ferraz. aBelo Horizonte :bFórum,c2010. a128 p. ;c22 cm aInclui bibliografia. aDireito da família aInseminação artificial aDireito civil aBioética 2udccLV 00102udc4070aBIBTCEMTbBIBTCEMTd2023-07-28l0o34:57 B277apBIBTCEMT23090049r2023-09-14tEx. 1w2023-09-14yLV c267d267